000 00775nam a2200193Ii 4500
003 JO-AjNU
008 230605s9999||||xx |||||||||||||| ||und||
040 _aJO-AjNU
_bara
_erda
_cJO-AjNU
041 _aara
050 1 4 _aPJ7700.D5.A17
100 3 _aقدم له وعلق حواشيه: سيف الدين الكاتب ، أحمد عصام الكاتب,
_eauthor
_935559
245 0 0 _aشرح ديوان ذي الرمة غيلان بن عقبة العدوي 77-117 هـ
264 3 1 _aبيروت:منشورات دار مكتبة الحياة،1900
300 _a107ص
336 _atext
_btxt
_2rdacontent
337 _aunmediated
_bn
_2rdamedia
338 _avolume
_bnc
_2rdacarrier
650 4 _a الشعر العربي - تاريخ ونقد - العصر الأموي
_935560
999 _aA14693
_c18261
_d18261